000 00612nam a22002417a 4500
003 UA-OsUOA
001 61253
007 ta
008 20090623b un ||||| |||| 00| 0 ukr d
100 _aПерельструз Л.В.
090 _a294.3
_bП27
942 _cBK
040 _aUA-OsUOA
_brus
_cUA-OsUOA
_dUA-OsUOA
245 _aРелигии мира.Буддизм
300 _a192 с.
955 _a2
041 _arus
080 _a294.3
020 _a5-486-00645-4
260 _aМ.
_bМир книги
_c2006
650 7 _a29 Нехристиянські релігії
_2UDC
999 _c347158
_d347158